00599 a2200181 4500003000500000005001700005040000900022082000800031100001800039245004300057260003400100300001100134505012900145650001100274942001200285999001900297952010100316Nust20170207154024.0 cNust a512 aHefferon, Jim aLinear algebra- (E-BOOK)cJim Hefferon aNew YorkbPrentice Hallc2002 a446 p. aLinearSystems (Page-1) Vector Spaces (Page-79) Maps Between Spaces (Page-159) Determinants (Page-293) Similarity (Page-347)  aE-BOOK 2ddccBK c191794d191794 00102ddc40708NFICaMCSbMCSd2016-12-12l0o512 HEFpMCSEB-890r2016-12-08w2016-12-12yBK